000 00345nam a22001457a 4500
003 OSt
005 20160727222356.0
008 160622b xxu||||| |||| 00| 0 eng d
040 _cTEST
100 _9542
_aFelleman, H
245 _aThe Best Loved Poems
260 _aN.Y
_bDoubleday & Com
_c1936
300 _aThe Best Loved Poems
942 _2ddc
_cBK
999 _c452
_d452